000 00784nam a2200217 a 4500
001 000022858
005 20200930021835.0
008 101119s1968 mx 000 0 spa d
040 _aDO-SdBNP
_bspa
_cBNPHU
041 1 7 _aspa
_heng
_2Código de idiomas MARC
082 _a327.73
_bC635r
100 1 _aCleveland, Harlan.
_946977
240 1 0 _aThe obligations of power.
_lEspañol
245 1 0 _aResponsabilidad de las potencias :
_bla diplomacia en la búsqueda de la paz /
_cHarlan Cleveland.
260 _aMéxico, D. F. :
_bLimusa-Wiley,
_c1968.
300 _a240 p. ;
_c19 cm.
534 _aTítulo de la obra en inglés :
_tThe obligations of power
650 4 _aRelaciones exteriores
_zEstados Unidos
_946978
650 4 _aPolitica exterior
_zEstados Unidos
_946979
049 _aBNGR
999 _c22355
_d22355